000 00328nam a22001337a 4500
008 180124b xxu||||| |||| 00| 0 eng d
020 _a9781609301606
041 _aeng
080 _a336.2
100 _a55
101 _atax
245 _apension and emloyee benefit statutes and regulation
_cpratt.d.a
942 _2udc
_cBK
999 _c40819
_d40819